| 000 | 00731cam a22002171 4500 | ||
|---|---|---|---|
| 001 | sa 68004309 | ||
| 003 | DLC | ||
| 005 | 20260227112501.0 | ||
| 008 | 711020s1966 ii 00000 eng | ||
| 010 | _asa 68004309 //r84 | ||
| 025 | _aPL480:I-E-8787 | ||
| 043 | _ama----- | ||
| 050 | 0 |
_aHC498 _b.I55 |
|
| 082 | _a330.95 | ||
| 110 | 1 | 0 |
_aIndia (Republic). _bIndian Industrialists Goodwill Delegation to West Asian Countries. |
| 245 | 0 | 0 | _aReport, December 16, 1964-January 12, 1965. |
| 260 | 0 |
_aNew Delhi, _bDirectorate of Commercial Publicity, Ministry of Commerce, Govt. of India _c[1966] |
|
| 300 |
_a41 p. _c24 cm. |
||
| 651 | 0 |
_aArab countries _xEconomic conditions. |
|
| 650 | 0 |
_aInvestments, East Indian _zArab countries. |
|
| 999 |
_c80106 _d80106 |
||